000 01589nam0a2200313 4500
001 RU\NLR\BIBL_A\010346354
005 20250630151202.0
010 _a978-5-86983-532-1
_91500
035 _a(NLR Aleph) 010346354
090 _a10725672
_c10725672
100 _a20140423d2013 |||y0rusy50 ca
101 0 _arus
102 _aRU
105 _aach|z|||001yy
200 1 _aЯмбургский Екатерининский собор зодчего Антонио Ринальди
_eисторико-искусствоведческий очерк
_eк 250-летию начала строительства храма и 230-летию его освящения
_fАндрей Белобородов
210 _aСанкт-Петербург
_c[б. и.]
_d2013
215 _a260, [1] с.
_cил., цв. ил., протр., факс.
_d33
320 _aБиблиогр.: с. 251-254 (152 назв.)
320 _aИмен. указ.: с. 255-260
601 0 2 _aЕкатерининский собор
_cКингисепп
_92194115
_3RU\NLR\AUTH\6601554283
686 2 _aЭ372.24-655
700 1 _aБелобородов
_bА. Н.
_cкраевед, искусствовед
_gАндрей Николаевич
_9133118
_3RU\NLR\AUTH\770133152
702 1 _4570
_aРинальди
_bА.
_cархитектор
_f1709-1794
_gАнтонио
_9133115
_3RU\NLR\AUTH\770133149
942 _cBOOK
980 _aNBR
980 _aNB